logo

Bir Sreshtho Munshi Abdur Rouf Library
Jhenaidah Cadet College

Heath science / (Record no. 7028)

MARC details
000 -LEADER
fixed length control field 00743cam a2200277u 4500
001 - CONTROL NUMBER
JCCL Control Number 7028
003 - CONTROL NUMBER IDENTIFIER
JCCL marc code BD-JhCC
005 - DATE AND TIME OF LATEST TRANSACTION
control field 20180417090620.0
008 - FIXED-LENGTH DATA ELEMENTS--GENERAL INFORMATION
fixed length control field 821213s1961 maua j 000 0 eng
020 ## - INTERNATIONAL STANDARD BOOK NUMBER
International Standard Book Number 0669021512
035 ## - SYSTEM CONTROL NUMBER
system control number (BD-JhCC)7028
040 ## - CATALOGING SOURCE
Original cataloging agency DLC
Transcribing agency CarP
Modifying agency DLC
-- (BD-JhCC)
041 ## - LANGUAGE CODE
Language code of Book eng
050 00 - LIBRARY OF CONGRESS CALL NUMBER
Classification number Q163
Item number .S4518
082 ## - DEWEY DECIMAL CLASSIFICATION NUMBER
Author mark and Year BAR 1981
Classification number 500
100 1# - MAIN ENTRY--PERSONAL NAME
Personal name Barufaldi, James P.
245 10 - TITLE STATEMENT
Title Heath science /
Statement of responsibility, etc James P. Barufaldi, George T. Ladd and Alice Johnson Moses
250 ## - EDITION STATEMENT
Edition statement 2d ed.
260 ## - PUBLICATION, DISTRIBUTION, ETC. (IMPRINT)
Place of publication, distribution, etc [Boston,
Name of publisher, distributor, etc Heath,
Date of publication, distribution, etc 1961.]
300 ## - PHYSICAL DESCRIPTION
Pagination 8 v.
Other physical details illus.
Dimensions 24 cm.
650 #0 - SUBJECT ADDED ENTRY--TOPICAL TERM
Topical term or geographic name as entry element Science
Form subdivision Juvenile literature.
700 ## - ADDED ENTRY--PERSONAL NAME
Personal name Ladd, George T.
700 ## - ADDED ENTRY--PERSONAL NAME
Personal name Moses, Alice Johnson
942 ## - ADDED ENTRY ELEMENTS (KOHA)
Source of classification or shelving scheme Dewey Decimal Classification
Koha item type Books
Holdings
Source of classification or shelving scheme Damaged status Not for loan Home library Current library Shelving location Date of accession Total Checkouts Full call number Barcode Date last seen Date checked out Copy number Koha item type
Dewey Decimal Classification     JCC Rouf Library JCC Rouf Library General Stacks 02/04/2018 1 500 BAR 1981 8632 09/30/2024 09/25/2024 C - 1 Books

JCC Library | Contacts | JCC Home

Last Update on 23 September 2017
Copyright @ 2017-2020 JCC Rouf Library
Rouf Library, Jhenidah Cadet College (JCC), Bangladesh